Microsoft word 2002 : (Record no. 36825)

MARC details
000 -LEADER
fixed length control field 00475nam a22001697a 4500
005 - DATE AND TIME OF LATEST TRANSACTION
control field 20250123144109.0
008 - FIXED-LENGTH DATA ELEMENTS--GENERAL INFORMATION
fixed length control field 250123b |||||||| |||| 00| 0 eng d
020 ## - INTERNATIONAL STANDARD BOOK NUMBER
ISBN 9780789562876
082 ## - DEWEY DECIMAL CLASSIFICATION NUMBER
Classification number 652.55
Item number CAS-M
100 ## - MAIN ENTRY--AUTHOR
Author Name Cashman
245 ## - TITLE STATEMENT
Title Microsoft word 2002 :
Remainder of title Complete concepts and techniques /
Statement of responsibility, etc. Cashman
260 ## - PUBLICATION, DISTRIBUTION, ETC.
Place of Publication USA:
Name of publisher, distributor, etc. Elsevier;
Date of publication, distribution, etc. 2002.
300 ## - PHYSICAL DESCRIPTION
Pages xiv, 460 p. :
500 ## - GENERAL NOTE
General note include index.
650 ## - SUBJECT ADDED ENTRY--TOPICAL TERM
Subject / Department Microsoft Office
300 ## - PHYSICAL DESCRIPTION
-- ill;
-- 28 cm.
952 ## - LOCATION AND ITEM INFORMATION (KOHA)
-- 0
-- 0
Holdings
Lost status Damaged status Collection code Permanent Location Current Location Shelving Location Date acquired Full Call Number Accession No./Barcode Date last seen item type Koha item type
    CS/IT Superior Information Resource Center (SIRC) Superior University- Gold Campus Superior Information Resource Center (SIRC) Superior University- Gold Campus Microsoft Office 01/23/2025 652.255 CAS-M 2002 16402 01/23/2025 BOOK BOOK

Powered by Koha